| 000 | 00840nam a2200229 i 4500 | ||
|---|---|---|---|
| 003 | IT-RoINE | ||
| 005 | 20190909045154.0 | ||
| 008 | 070618s2007 sp | r o||| |dspa d | ||
| 020 | _a9788496793019 | ||
| 040 |
_aSpMaBN _bspa _cIT-RoINE _erdc |
||
| 100 | 1 |
_97417 _aRamón y Cajal, Santiago, _d1852-1934 |
|
| 245 | 1 | 0 |
_aMi infancia y juventud ; _bEl mundo visto a los ochenta años : memorias _cSantiago Ramón y Cajal. |
| 260 |
_aZaragoza : _bPrames ; _bDepartamento de Educación, Cultura y Deporte _c2007. |
||
| 300 |
_a398 p. ; _c25 cm. |
||
| 336 |
_2rdacontent _atext |
||
| 337 |
_2rdamedia _aunmediated |
||
| 338 |
_2rdacarrier _avolume |
||
| 504 | _aBibliografía: p. 360-362 | ||
| 740 | 3 | 2 | _aEl mundo visto a los ochenta años |
| 700 | 1 | 2 |
_97418 _aRamón y Cajal, Santiago, _d1852-1934. _tEl mundo visto a los ochenta años |
| 942 | _cMTS | ||
| 999 |
_c3606 _d3606 |
||